Claves de la economía pública actual

Gespeichert in:
Bibliographische Detailangaben
1. Verfasser: Alonso Gallo, Nuria
Weitere Verfasser: Trillo del Pozo, David
Format: Unbekannt
Sprache:Englisch
Spanisch
Veröffentlicht: Madrid, España Ommpress 2017
Ausgabe:Primera edición
Schriftenreihe:OMMPRESS Economía
Schlagworte:
Tags: Tag hinzufügen
Keine Tags, Fügen Sie den ersten Tag hinzu!

MARC

LEADER 00000 a2200000 4500
003 CL-VaPUC
005 20250505102432.0
008 200113b ||||| |||| 00| 0 eng d
999 |c 376033  |d 376031 
020 |a 9788494757884 
040 |c Pontificia Universidad Católica de Valparaíso 
041 0 |a spa 
082 |a 336 ALO 2017 
100 1 |a Alonso Gallo, Nuria  |9 604960 
245 1 0 |a Claves de la economía pública actual 
250 |a Primera edición 
260 3 |b Ommpress  |c 2017  |a Madrid, España 
300 |a 208 p 
490 0 0 |a OMMPRESS Economía 
505 0 |a Unidad 1. Introducción a la economía pública. Unidad 2. Delimitación y organización del sector público. Unidad 3. Estabilización económica. Unidad 4. Fundamentos de la intervención pública: equidad. Unidad 5. Fundamentos de la intervención pública: eficiencia. Unidad 6. Fundamentos del comportamiento del sector público. Unidad 7. Ingresos públicos. Unidad 8. Gasto público y estado de bienestar. 
583 |k Hugo Gaete  |c 20200113 
650 0 0 |a Hacienda pública  |9 258673 
650 0 0 |a PRESUPUESTO NACIONAL  |9 338436 
650 0 0 |a Análisis macroeconómico  |9 358711 
650 0 0 |a Impuestos  |9 255450 
700 1 |a Trillo del Pozo, David  |9 605718 
942 |2 ddc  |c BK 
952 |0 0  |1 0  |2 ddc  |4 0  |6 336_000000000000000_ALO_2017  |7 0  |9 495206  |a BIBDER  |b BIBDER  |d 2019-12-27  |e 36  |g 8089.00  |i 5568323  |o 336 ALO 2017  |p 5568323  |r 2023-01-25  |t 1  |v 8089.00  |w 2019-12-27  |y BK  |k DER